书目信息 |
| 题名: |
名利场
|
|
| 作者: | 萨克雷 著 ;张玫玫 , 唐译 译 | |
| 分册: | 下 | |
| 出版信息: | 长春 吉林出版集团股份有限公司 2019.01 |
|
| 页数: | 445-898页 | |
| 开本: | 24cm | |
| 丛书名: | 英语大书虫世界经典名译典藏书系 | |
| 单 册: | ||
| 中图分类: | H319.4 | |
| 科图分类: | ||
| 主题词: | 英语--ying yu--汉语--对照读物 , 长篇小说--chang pian xiao shuo--英国--近代 | |
| 电子资源: | ||
| ISBN: | 978-7-5581-4314-4 | |
| 000 | 01461nam 2200349 450 | |
| 001 | 202019134761 | |
| 005 | 20191007123106.0 | |
| 010 | @a978-7-5581-4314-4@dCNY40.00 | |
| 100 | @a20191002d2019 em y0chiy50 ea | |
| 101 | 1 | @achi@aeng@ceng |
| 102 | @aCN@b220000 | |
| 105 | @ay z 000ay | |
| 106 | @ar | |
| 200 | 1 | @a名利场@Aming li chang@h下@f(英) 威廉·梅克比斯·萨克雷著@g张玫玫, 唐译译 |
| 205 | @a第2版 | |
| 210 | @a长春@c吉林出版集团股份有限公司@d2019.01 | |
| 215 | @a445-898页@d24cm | |
| 225 | 2 | @a英语大书虫世界经典名译典藏书系@Aying yu da shu chong shi jie jing dian ming yi dian cang shu xi |
| 300 | @a英汉对照 | |
| 312 | @a英文题名取自封面 | |
| 330 | @a本书为套书, 分为上下两册。《名利场》是英国伟大现实主义作家和幽默大师萨克雷的代表作, 故事以两条线索展开, 从同一个起点出发, 相互交织, 其中一条线索讲述善良、笨拙、生活在富有家庭中的女子爱米丽亚·赛特笠 ; 另一条线索讲述机灵、自私、放荡不羁的孤女蓓基·夏泼, 展示了19世纪初期英国上层社会的生活画面。 | |
| 410 | 0 | @12001 @a英语大书虫世界经典名译典藏书系 |
| 500 | 10 | @aVanity fair@mChinese |
| 606 | 0 | @a英语@Aying yu@x汉语@j对照读物 |
| 606 | 0 | @a长篇小说@Achang pian xiao shuo@y英国@z近代 |
| 690 | @aH319.4@v5 | |
| 701 | 1 | @a萨克雷@Asa ke lei@g(Thackeray, William Makepeace),@f1811-1863@4著 |
| 702 | 0 | @a张玫玫@Azhang mei mei@4译 |
| 702 | 0 | @a唐译@Atang yi@4译 |
| 801 | 0 | @aCN@c20190905 |
| 804 | @a上, 444 ; 下, 445-898 | |
| 905 | @a河南城建学院图书馆@dH319.4@eS006=2:2 | |
| 名利场.下/(英) 威廉·梅克比斯·萨克雷著/张玫玫, 唐译译.-第2版.-长春:吉林出版集团股份有限公司,2019.01 |
| 445-898页;24cm.-(英语大书虫世界经典名译典藏书系) |
| 英汉对照 |
| ISBN 978-7-5581-4314-4:CNY40.00 |
| 本书为套书, 分为上下两册。《名利场》是英国伟大现实主义作家和幽默大师萨克雷的代表作, 故事以两条线索展开, 从同一个起点出发, 相互交织, 其中一条线索讲述善良、笨拙、生活在富有家庭中的女子爱米丽亚·赛特笠 ; 另一条线索讲述机灵、自私、放荡不羁的孤女蓓基·夏泼, 展示了19世纪初期英国上层社会的生活画面。 |
| ● |
| 相关链接 |
|
|
|
正题名:名利场
索取号:H319.4/S006=2:2
 
预约/预借
| 序号 | 登录号 | 条形码 | 馆藏地/架位号 | 状态 | 备注 |
| 1 | 1442886 | 214428868 | 语言库209/209语言库 48排2列4层/ [索取号:H319.4/S006=2:2] | 在馆 | |
| 2 | 1442887 | 214428877 | 语言库209/209语言库 48排2列4层/ [索取号:H319.4/S006=2:2] | 在馆 |